000 00840nam a22002777a 4500
005 20100807152148.0
008 100412t xxu||||| |||| 00| 0 ur d
010 _aUR-7622
020 _c60.00
035 _aU-6177
037 _bUbaidah Samiujjamah
040 _adpl
_bur
082 _aن
100 _9616
_aعبیدہ سمیع الزماں
245 _aگیتی /
_b
_cعبیدہ سمیع الزماں
246 _aGeety /
_bby Ubaida Samiujjamah
260 _aلکھنو
_c1987
270 _aUbaida Samiujjamah
_bLucknow
300 _a487 ص
_b22 س م (Hb)
500 _a
600 _aکہا نی
_9966
600 _aStory
_9967
700 _96717
942 _2ddc
_cUR
_hن
_mع ب ی
999 _c40143
_d40143